Kleinplastik in Mexiko, Spanien, Italien, Deutschland. (Record no. 1972)

MARC details
000 -CABECERA
campo de control de longitud fija 01006nam a2200277 a 4500
001 - NÚMERO DE CONTROL
campo de control BRCA_2219
005 - FECHA Y HORA DE LA ÚLTIMA TRANSACCIÓN
campo de control 20190320203723.0
008 - DATOS DE LONGITUD FIJA--INFORMACIÓN GENERAL
campo de control de longitud fija 940113s1992 gw-a---##c---l001-0#ger-#
020 ## - NÚMERO INTERNACIONAL ESTÁNDAR DEL LIBRO
Número Internacional Estándar del Libro 3893223886
040 ## - FUENTE DE LA CATALOGACIÓN
Centro catalogador/agencia de origen DLC
Centro/agencia transcriptor DLC
041 ## - CÓDIGO DE LENGUA
Código de lengua del texto/banda sonora o título independiente ger
044 ## - CÓDIGO DEL PAÍS DE LA ENTIDAD EDITORA/PRODUCTORA
Código MARC del país gw
050 #4 - SIGNATURA TOPOGRÁFICA DE LA BIBLIOTECA DEL CONGRESO
Número de clasificación NB1277
Número de documento/Ítem .K54 1992
245 10 - MENCIÓN DE TÍTULO
Título Kleinplastik in Mexiko, Spanien, Italien, Deutschland.
260 ## - PUBLICACIÓN, DISTRIBUCIÓN, ETC.
Lugar de publicación, distribución, etc. [Alemania]
Nombre del editor, distribuidor, etc. Cantz
Fecha de publicación, distribución, etc. 1992
300 ## - DESCRIPCIÓN FÍSICA
Extensión 317 p.
Otras características físicas il. (algunas a color)
Dimensiones 28 cm.
Material acompañante/anejo 1 folleto
500 ## - NOTA GENERAL
Nota general Catálogo de la exposición realizada en el Wilhelm Lehmbruck Museum (Duisburg, Alemania), 30 agosto - 18 noviembre, 1992
500 ## - NOTA GENERAL
Nota general Incluye piezas de la colección Franz Mayer: p. 63
611 24 - PUNTO DE ACCESO ADICIONAL DE MATERIA--NOMBRE DE REUNIÓN/CONGRESO
Nombre de congreso/reunión o jurisdicción como elemento de entrada Triennale Fellbach
Número del congreso/reunión o número de parte o sección 5th
Fecha del congreso/reunión 1992
9 (RLIN) 6673
650 14 - PUNTO DE ACCESO ADICIONAL DE MATERIA--TÉRMINO DE MATERIA
Término de materia o nombre geográfico como elemento de entrada Escultura
Subdivisión de forma Exposiciones
Subdivisión cronológica Siglo XX
9 (RLIN) 6674
650 14 - PUNTO DE ACCESO ADICIONAL DE MATERIA--TÉRMINO DE MATERIA
Término de materia o nombre geográfico como elemento de entrada Escultores mexicanos
Subdivisión cronológica Siglo XX
9 (RLIN) 6675
650 14 - PUNTO DE ACCESO ADICIONAL DE MATERIA--TÉRMINO DE MATERIA
Término de materia o nombre geográfico como elemento de entrada Escultores españoles
Subdivisión cronológica Siglo XX
9 (RLIN) 6676
650 14 - PUNTO DE ACCESO ADICIONAL DE MATERIA--TÉRMINO DE MATERIA
Término de materia o nombre geográfico como elemento de entrada Escultores italianos
Subdivisión cronológica Siglo XX
9 (RLIN) 6677
650 14 - PUNTO DE ACCESO ADICIONAL DE MATERIA--TÉRMINO DE MATERIA
Término de materia o nombre geográfico como elemento de entrada Escultores alemanes
Subdivisión cronológica Siglo XX
9 (RLIN) 6678
942 ## - ELEMENTOS DE PUNTO DE ACCESO ADICIONAL (KOHA)
Fuente del sistema de clasificación o colocación Library of Congress Classification
Tipo de ítem Koha Libros
Holdings
Estado de retiro Estado de pérdida Estado dañado No para préstamo Localización permanente Ubicación/localización actual Fecha de adquisición Total de préstamos Signatura topográfica completa Código de barras Fecha visto por última vez Precio válido a partir de Tipo de ítem Koha
El ejemplar forma parte de la colección y puede ser consultado según las políticas vigentes.       Biblioteca del Museo Franz Mayer (Rogerio Casas-Alatriste) Biblioteca del Museo Franz Mayer (Rogerio Casas-Alatriste) 14/08/2008   NB1277 .K54 1992 02268 22/03/2019 22/03/2019 Libros